LIBRARY & INFORMATION CENTRE, KCAET, TAVANUR

ONLINE PUBLIC ACCESS CATALOGUE (OPAC)

Corrosion Atlas: A Collection of Illustrated Case Histories / (Record no. 8515)

MARC details
000 -LEADER
fixed length control field 00348cam a2200133ua 4500
020 ## - INTERNATIONAL STANDARD BOOK NUMBER
ISBN 0444826165
082 ## - DEWEY DECIMAL CLASSIFICATION NUMBER
Classification number 620.11223
Item number DUR/CO
100 ## - MAIN ENTRY--AUTHOR NAME
Personal name During, Evert D D.
245 ## - TITLE STATEMENT
Title Corrosion Atlas: A Collection of Illustrated Case Histories /
250 ## - EDITION STATEMENT
Edition statement 1 /
260 ## - PUBLICATION, DISTRIBUTION, ETC. (IMPRINT)
Place of publication Amsterdam :
Name of publisher Elsevier ,
Year of publication 1997.
300 ## - PHYSICAL DESCRIPTION
Number of Pages 689 ; .
942 ## - ADDED ENTRY ELEMENTS (KOHA)
Koha item type Reference
Holdings
Withdrawn status Lost status Damaged status Collection code Home library Current library Shelving location Date acquired Full call number Accession Number Koha item type
      Reference KAUAET KAUAET Reference 07/04/2012 620.11223.DUR/CO 20214 Reference
free website counter